<?xml version="1.0" encoding="UTF-8"?>
<marc:record xmlns:marc="http://www.loc.gov/MARC21/slim">
   <marc:leader>00000nam a2200000 a 4500</marc:leader>
   <marc:datafield ind1="1" ind2=" " tag="100">
      <marc:subfield code="a">Ottenschläger, Madlen</marc:subfield>
      <marc:subfield code="4">aut</marc:subfield>
      <marc:subfield code="e">Verfasser/-in</marc:subfield>
   </marc:datafield>
   <marc:datafield ind1="0" ind2="0" tag="245">
      <marc:subfield code="a">Entschuldigung!</marc:subfield>
   </marc:datafield>
   <marc:datafield ind1="0" ind2="0" tag="245">
      <marc:subfield code="c">Ottenschläger, Madlen</marc:subfield>
   </marc:datafield>
   <marc:datafield ind1=" " ind2="1" tag="264">
      <marc:subfield code="a">Hamburg</marc:subfield>
      <marc:subfield code="b">Carlsen</marc:subfield>
      <marc:subfield code="c">2025</marc:subfield>
   </marc:datafield>
   <marc:datafield ind1=" " ind2=" " tag="250">
      <marc:subfield code="a">1. Aufl.</marc:subfield>
   </marc:datafield>
   <marc:datafield ind1="1" ind2=" " tag="520">
      <marc:subfield code="a">Um Verzeihen bitten leicht gemacht&#xD;
Jedes Kind weiß: Wenn man etwas falsch gemacht, etwas Blödes gesagt oder jemandem wehgetan hat, kann man um Entschuldigung bitten. Aber – auch das weiß jedes Kind – das ist gar nicht so leicht!&#xD;
Sibil und Theo sind allerbeste Freund*innen, sie gehen durch dick und dünn. Die beiden wohnen sogar im gleichen Haus. Eigentlich super. Nur manchmal, da richten die Kinder Chaos an. Heute zum Beispiel: Ihr Fußball macht das ganze Treppenhaus matschig, eine Einkaufstasche kullert um, eine Milchflasche geht zu Bruch ...Zeigt anschaulich, wie man um Verzeihung bitten kannNimmt Kinder ernst und spiegelt ihre komplexen GefühleEinfühlsam illustriert von Mareike Ammersken&#xD;
Ob Sibil und Theo das wieder geradebiegen können?</marc:subfield>
   </marc:datafield>
   <marc:datafield ind1=" " ind2=" " tag="020">
      <marc:subfield code="a">9783551522498</marc:subfield>
      <marc:subfield code="9">9783551522498</marc:subfield>
   </marc:datafield>
   <marc:datafield ind1=" " ind2=" " tag="020">
      <marc:subfield code="a">3551522499</marc:subfield>
      <marc:subfield code="9">3551522499</marc:subfield>
   </marc:datafield>
   <marc:datafield ind1=" " ind2=" " tag="041">
      <marc:subfield code="a">ger</marc:subfield>
   </marc:datafield>
   <marc:datafield ind1=" " ind2=" " tag="300">
      <marc:subfield code="a">circa 32 Seiten</marc:subfield>
   </marc:datafield>
</marc:record>
